Deflace - definiční znak zdravé ekonomiky

Charakteristika pojmov - inflácia a deflácia. Deflácia v dôsledku hospodárskeho rastu, hromadenia hotovosti, poklesu bankových úverov, konsolidačnej deflácie. Dôsledky boja proti deflácii.

Salvato in:
Dettagli Bibliografici
Autore principale: Šíma, Josef
Natura: Capitolo di libro
Lingua:ceco
Soggetti:
Tags: Aggiungi Tag
Nessun Tag, puoi essere il primo ad aggiungerne!!

MARC

LEADER 00000naa a2200000 4500
001 r047004
005 20231004102318.4
041 0 |a cze 
044 |a CZ 
245 1 0 |a Deflace - definiční znak zdravé ekonomiky  |c Josef Šíma 
520 |a Charakteristika pojmov - inflácia a deflácia. Deflácia v dôsledku hospodárskeho rastu, hromadenia hotovosti, poklesu bankových úverov, konsolidačnej deflácie. Dôsledky boja proti deflácii. 
610 2 0 |a deflácia 
610 2 0 |a inflácia 
610 2 0 |a teórie ekonomické 
610 2 0 |a rast hospodársky 
610 2 0 |a hotovosť 
610 2 0 |a úver bankový 
610 2 0 |a konfiškácia 
610 2 0 |a pojmy 
100 1 |a Šíma, Josef